План порта Туапсе, проект и приложение к проекту нефтяного пирса, проекты устройства парка, планы мастерских, схема расположения...

Доступно только в Электронных читальных залах Найти на картеНа карте
RUSMARC
00004857nmc2a22003013x 450
001893004bc-42f4-4ed4-b8ea-05e39b863b66
00520220705162333.0
100##$a20220622l1913 k y0rusy50 ca
1010#$arus
102##$aRU
105##$aae z |||||
1220#$ad19131231
2001#$aПлан порта Туапсе, проект и приложение к проекту нефтяного пирса, проекты устройства парка, планы мастерских, схема расположения волнолома, схема берегового укрепления
$j[1913-1927]
215##$a16 листов
$cпл., схем.
251##$cДело
300##$aЗаголовок дела на папке: Планы порта Туапсе, проект устройства фундамента, схема устройства Травеллюрской тележки, проект и приложение к проекту нефтяного пирса, проекты устройства парка, планы мастерских, схема размещения массивов и путей в парке, схема расположения волнолома, схема берегового укрепления
300##$aНа папке дела: 1923-1927
300##$aКалька, типографский экземпляр (синька) с рукописными пометами
300##$aЛисты: после 13 (1) - чистые; 2 - на кальке; 2-16 - планы; 1 - надорван
300##$aРукописный и типографский текст
330##$aВходит в раздел описи: Документы Народного комиссариата финансов. Транспортный сектор (Департамент железнодорожных дел) Наркомата финансов
461#0$100170a9e75d-b6e1-4eed-a561-fb01df49f1ed
$12001
$aКоллекция документов профессора И. Х. Озерова
$1251
$cФонд
$1852
$j1838
462#0$10010128b4bc-9fed-474c-8a7c-fdbe2c2718e2
$12001
$aДокументы советского периода. 1917-1933 гг.
$vД. 70
$1251
$cОпись
$1852
$j2
5171#$aПланы порта Туапсе, проект устройства фундамента, схема устройства Травеллюрской тележки, проект и приложение к проекту нефтяного пирса, проекты устройства парка, планы мастерских, схема размещения массивов и путей в парке, схема расположения волнолома, схема берегового укрепления
600#1$aОзеров
$bИ. Х.
$gИван Христофорович
801#0$aRU
$bGA_RF
801#1$aRU
$bГлавНИВЦ
$c20220622
$2rusmarc
801#2$aRU
$bПБ им. Б.Н. Ельцина
$c20220705
$gRCR
$2rusmarc
852##$aГА РФ
$j70
937##$d177095786
$hГАРФ
035##$aRuPRLIB51068012
856##$uhttp://readingroom.main.prlib.ru/item.aspx?id_node=n177095786&mode=full
Формат отображения